Normal view
MARC view
- الاقتصاد الإسلامي -- الإقتصاد الوضعي -- الكتاب والسنة
Entry Topical Term
001 - CONTROL NUMBER
- control field: 48433
003 - CONTROL NUMBER IDENTIFIER
- control field: JO-AjAnu
005 - DATE AND TIME OF LATEST TRANSACTION
- control field: 20230606082004.0
008 - FIXED-LENGTH DATA ELEMENTS
- fixed length control field: 230606|| aca||aabn | a|a d
040 ## - CATALOGING SOURCE
- Original cataloging agency: JO-AjAnu
- Transcribing agency: JO-AjAnu
150 ## - HEADING--TOPICAL TERM
- Topical term or geographic name entry element: الاقتصاد الإسلامي -- الإقتصاد الوضعي -- الكتاب والسنة
670 ## - SOURCE DATA FOUND
- Source citation: Work cat.: (JO-AjAnu)24778: تأليف داغي، علي محي الدين القره , author 48432, حقيبة طالب العلم الأقتصادية(3): المدخل إلى الأقتصاد الإسلامي، دراسة تأصيلية مقارنة بالاقتصاد الوضعي على ضوء الكتاب والسنة ومقاصد الشريعة وتراثنا الفقهي